000
00300nam a22001097a 4500
999
_c
4188
_d
4188
008
250123b ||||| |||| 00| 0 eng d
020
_a
9780448483573
082
_a
979 OCO
100
_a
JIM O'CONNOR
_e
O'CONNOR,JIM
245
_a
WHERE IS THE GRAND CANYON?
942
_2
ddc
_h
979 OCO